000 00516nam a2200181Ia 4500
001 2152
005 20260306143821.0
008 260306t2013||||xx |||||||||||||| ||spa||
041 _aESP
082 _a615.851
_bS66
100 _aSolter, Aletha J.
_eAUT
245 0 _aJuegos que unen:
_bcómo solucionar los problemas de comportamiento de los niños mediante el juego, la risa y la conexión
260 _c2013
300 _a230 páginas :
_c21 cm.
650 _aGEN
654 _aCPS
942 _cLIB
_dJUS
_fJUS
_2ddc
_n
999 _c2152
_d2152